LEADER 01204nam a2200277 i 4500 001 991000811019707536 008 100727s2009 it 001 0 ita 020 $a9788849825220 035 $ab13915423-39ule_inst 040 $aDip.to Filologia Class. e Scienze Filosofiche$bita 082 04$a321.020973 082 04$a320.473 100 1 $aBassani, Luigi Marco$0236919 245 10$aDalla rivoluzione alla guerra civile :$bfederalismo e Stato moderno in America, 1776-1865 /$cLuigi Marco Bassani 260 $aSoveria Mannelli :$bRubbettino,$c2009 300 $a324 p. ;$c23 cm 440 0$aSaggi ;$v225 504 $aContiene bibliografia 651 4$aFederalismo$zStati Uniti d'America$xStoria$y1776-1865 907 $a.b13915423$b25-09-14$c27-07-10 912 $a991000811019707536 945 $aLE007 Sc. Pol. 973 BAS 01.01$g1$i2007000199299$lle007$nLE007 2010 Sc.Polit.$op$pE24.00$q-$rl$s- $t0$u9$v1$w9$x0$y.i15161912$z24-08-10 945 $aLE023 321.0209 BAS 1 1$g1$i2023000168066$lle023$op$pE24.00$q-$rl$s- $t0$u0$v0$w0$x0$y.i15625448$z15-07-14 996 $aDalla rivoluzione alla guerra civile$9227048 997 $aUNISALENTO 998 $ale007$ale023$b27-07-10$cm$da $e-$fita$git $h0$i0